2022 NFL Quarter Backs - Statistics

General Stats
  • This quiz has been taken 81 times
  • The average score is 24 of 32
Answer Stats
Answer % Correct
Patrick Mahomes
95%
Joe Burrow
91%
Tom Brady
91%
Josh Allen
89%
Jalen Hurts
88%
Russell Wilson
88%
Zach Wilson
88%
Aaron Rodgers
86%
Daniel Jones
83%
Mac Jones
83%
Davis Mills/Kyle Allen
82%
Lemar Jackson
80%
Justin Herbert
78%
Kirk Cousins
78%
Matthew Stafford
77%
Tua Tagovailoa
77%
Baker Mayfield
75%
Carson Wentz
75%
Jared Goff
75%
Trevor Lawrence
75%
Derick Carr
74%
Justin Fields
74%
Kyler Murray
74%
Drew Lock/Geno Smith
72%
Deshaun Watson
71%
Trey Lance
69%
Matt Ryan
68%
Mitchell Trubiskey/Kenny Picket
66%
Ryan Tannehill
65%
Jamis Winston
58%
Marcus Mariota/Desmond Ridder
54%
Dak Presscott
25%
No matching quizzes found
Score Distribution
Percent of People with Each Score
Percentile by Number Answered
Your Score History
You have not taken this quiz